01140 2200253 4500001002100000005001500021035002000036007000300056008004100059020001800100082001200118084001800130100002600148245019600174250001400370300003800384520031300422600003100735264003000766336002100796337003000817338002300847990001600870INLIS00000000000004320260410025150 a0010-0426000042ta260410 g 0 ind  a9789792933376 a005.115 a005.115 HAN a0 aHanif SaidePengarang1 aAplikasi Programmable Logic Controller (PLC) dan Sistem Pneumatik pada Manufaktur Industri /cHanif Said ; Editor, Fl. Sigit Suyantoro ; Setting, Binudi ; Desain Cover, Bowo ; Korektor, Erang aCetakan 1 a120 :bIlustrasi ;c16 cm x 23 cm aKombinasi otomasi utama dalam manufaktur industri untuk meningkatkan efisiensi, kecepatan, dan konsistensi produksi. PLC bertindak sebagai "otak" elektronik yang diprogram untuk mengendalikan mesin, sementara sistem pneumatik menggunakan udara bertekanan untuk menggerakkan aktuator mekanis seperti silinder. 4aKomputer - Perangkat Lunak aYogyakarta :bANDI,c2012 2rdacontentaTeks 2rdamediaaTanpa perantara 2rdacarrieraVolume aPP000070/19